[Event "Rated Blitz game"]
[Site "?"]
[Date "2021.02.24"]
[Round "?"]
[White "Shamsutdin"]
[Black "Schachelite"]
[Result "1-0"]
[WhiteElo "2439"]
[BlackElo "2456"]
[PlyCount "139"]
[EventDate "2021.??.??"]
[EventType "blitz"]

1. e4 e5 2. Nf3 d5 3. Nxe5 Bd6 4. d4 dxe4 5. Nc4 Nf6 6. Nxd6+ Qxd6 7. Be2 Nc6
8. Be3 O-O 9. O-O Rd8 10. c3 b6 11. Nd2 Bb7 12. Nc4 Qe6 13. h3 Ne7 14. Ne5 Ned5
15. Bc4 Nd7 16. Bxd5 Qxd5 17. Nxd7 Rxd7 18. Qb1 Re8 19. Qd1 h6 20. b3 f5 21. g3
f4 22. gxf4 Re6 23. Kh2 Rg6 24. Rg1 Rdd6 25. Rg4 Bc8 26. Qe2 Qh5 27. Rag1 Rxg4
28. Rxg4 Bxg4 29. Qxg4 Qxg4 30. hxg4 c5 31. Kg3 cxd4 32. Bxd4 g5 33. f5 Kf7 34.
Kg2 Rd5 35. Kf1 h5 36. gxh5 Rxf5 37. Ke2 Rf3 38. Be3 Rh3 39. Bxg5 Rxh5 40. Bf4
Rh3 41. Bg3 Ke6 42. Ke3 Kf5 43. Kd4 Rh1 44. a4 Rd1+ 45. Kc4 Rd3 46. b4 Kg4 47.
Bb8 Rd7 48. Be5 Kf3 49. Bd4 Rh7 50. a5 bxa5 51. bxa5 a6 52. Kc5 Rh6 53. Kd5 Rg6
54. c4 Rg2 55. c5 Rg1 56. c6 Rc1 57. Bc5 Rxc5+ 58. Kxc5 Kxf2 59. c7 e3 60. c8=Q
e2 61. Qf5+ Ke1 62. Qe4 Kd2 63. Qxe2+ Kxe2 64. Kb6 Kd3 65. Kxa6 Kc4 66. Kb7 Kc5
67. a6 Kb5 68. a7 Kc5 69. a8=Q Kb5 70. Qc8 {Normal} 1-0

[Event "Rated Blitz game"]
[Site "?"]
[Date "2021.02.24"]
[Round "?"]
[White "agsjgm"]
[Black "Delyvj"]
[Result "1-0"]
[WhiteElo "2415"]
[BlackElo "2253"]
[PlyCount "71"]
[EventDate "2021.??.??"]
[EventType "blitz"]

1. e4 e5 2. Nf3 d5 3. exd5 e4 4. Ne5 Qxd5 5. d4 exd3 6. Nxd3 Bf5 7. Nc3 Qe6+ 8.
Be2 Nc6 9. O-O O-O-O 10. Re1 Nd4 11. Bf1 Qd7 12. Be3 Nf6 13. a4 Ng4 14. Bf4
Nxc2 15. Qxc2 Bxd3 16. Bxd3 Qxd3 17. Qb3 Bd6 18. Qxf7 Qg6 19. Qxg6 hxg6 20.
Bxd6 Rxd6 21. h3 Nf6 22. Nb5 Rd2 23. Nxa7+ Kb8 24. Nb5 c6 25. Nc3 Rxb2 26. Re7
Rd8 27. Rxg7 Rdd2 28. Rf1 Rdc2 29. Nd1 Rc1 30. Nxb2 Rc2 31. Nd3 Ne4 32. Rb1 b5
33. axb5 c5 34. Ne5 Nxf2 35. Nc6+ Kc8 36. Ra1 {Normal} 1-0

[Event "Rated Blitz game"]
[Site "?"]
[Date "2021.02.24"]
[Round "?"]
[White "vvnxs10"]
[Black "blastol"]
[Result "1-0"]
[WhiteElo "2512"]
[BlackElo "2366"]
[PlyCount "47"]
[EventDate "2021.??.??"]
[EventType "blitz"]

1. e4 e5 2. Nf3 d5 3. Nxe5 Bd6 4. d4 dxe4 5. Bc4 Bxe5 6. Qh5 Qe7 7. Qxe5 Qxe5
8. dxe5 Nc6 9. Nc3 Nxe5 10. Bb3 f5 11. Nb5 Kf8 12. Nxc7 Rb8 13. Bf4 Ng6 14.
Bd6+ N8e7 15. Nd5 Ra8 16. Nc7 Rb8 17. O-O-O Bd7 18. f3 exf3 19. gxf3 Rc8 20. h4
h5 21. Bxe7+ Kxe7 22. Rhe1+ Kd8 23. Ne6+ Ke7 24. Nc5+ {Normal} 1-0

[Event "Rated Blitz game"]
[Site "?"]
[Date "2021.02.24"]
[Round "?"]
[White "joshuabautista309"]
[Black "NooB_MasteR_69_chess"]
[Result "0-1"]
[WhiteElo "2498"]
[BlackElo "2487"]
[PlyCount "114"]
[EventDate "2021.??.??"]
[EventType "blitz"]

1. e4 e5 2. Nf3 d5 3. exd5 e4 4. Qe2 Nf6 5. d3 Qxd5 6. Nbd2 Nc6 7. dxe4 Qc5 8.
c3 Be6 9. h3 O-O-O 10. e5 Nd7 11. Ne4 Qd5 12. Bf4 Ndxe5 13. Nxe5 Nxe5 14. Qe3
Nc4 15. Bxc4 Qxc4 16. b3 Qb5 17. Qxa7 Qc6 18. Qe3 Bf5 19. f3 Bxe4 20. fxe4 Bc5
21. Qf3 Rhe8 22. e5 Qxf3 23. gxf3 g5 24. Bg3 Rd3 25. Kf1 h5 26. Kg2 h4 27. Bf2
Rd2 28. Rhf1 Rxe5 29. Rad1 Rxa2 30. Kg1 Rxf2 31. Rxf2 Re2 32. Rdf1 Rc2 33. Kg2
Bxf2 34. Rxf2 Rxc3 35. Re2 Rxb3 36. Re5 f6 37. Re6 Rb2+ 38. Kf1 Rb6 39. Re8+
Kd7 40. Rg8 Ke6 41. Ke2 Rb2+ 42. Ke3 Rh2 43. Rb8 Rxh3 44. Rxb7 Kd6 45. Ke4 Rg3
46. Ra7 h3 47. Ra6+ Ke7 48. Rc6 h2 49. Rxc7+ Ke6 50. Rh7 Rg2 51. Ke3 f5 52. Rh5
Kf7 53. Rh6 Kg7 54. Rh5 Kg6 55. Rh8 g4 56. Kf4 g3 57. Rg8+ Kh7 {Normal} 0-1

[Event "Rated Blitz game"]
[Site "?"]
[Date "2021.02.24"]
[Round "?"]
[White "matador1104"]
[Black "batasjon"]
[Result "1/2-1/2"]
[WhiteElo "2428"]
[BlackElo "2365"]
[PlyCount "78"]
[EventDate "2021.??.??"]
[EventType "blitz"]

1. e4 e5 2. Nf3 d5 3. exd5 e4 4. Nd4 Qxd5 5. Nb3 Nf6 6. Nc3 Qf5 7. Be2 Qg6 8.
Rg1 Nc6 9. Nb5 Bd6 10. Nxd6+ cxd6 11. d3 d5 12. dxe4 dxe4 13. Be3 O-O 14. Qd6
Rd8 15. Qg3 Qf5 16. Rd1 Be6 17. Qc7 Rxd1+ 18. Kxd1 Nd5 19. Qg3 Rd8 20. Kc1 Ncb4
21. Nd4 Qf6 22. a3 Na2+ 23. Kd2 Nxe3 24. fxe3 h5 25. c3 Bd5 26. Rf1 Qb6 27. Kc2
a5 28. Bxh5 a4 29. Bxf7+ Bxf7 30. Rxf7 Kxf7 31. Qf4+ Kg8 32. Qxe4 Rxd4 33. exd4
Qb3+ 34. Kd3 Nc1+ 35. Ke3 Qd1 36. Qe8+ Kh7 37. Qe4+ Kg8 38. Qe8+ Kh7 39. Qe4+
Kg8 {Normal} 1/2-1/2

[Event "Rated Blitz tournament lQyf1nHy"]
[Site "?"]
[Date "2021.02.24"]
[Round "?"]
[White "Tangible_ay1"]
[Black "olarovfan"]
[Result "0-1"]
[WhiteElo "2308"]
[BlackElo "2478"]
[PlyCount "26"]
[EventDate "2021.??.??"]
[EventType "blitz"]

1. e4 e5 2. Nf3 d5 3. Nxe5 Bd6 4. d4 dxe4 5. Nc3 Bxe5 6. dxe5 Qxd1+ 7. Kxd1 Bf5
8. Ke2 Nc6 9. Ke3 Bg6 10. Bb5 Nge7 11. Nxe4 O-O-O 12. f4 Nd5+ 13. Kf3 Nd4+ {
Normal} 0-1

[Event "Rated Blitz game"]
[Site "?"]
[Date "2021.02.24"]
[Round "?"]
[White "adwod"]
[Black "DarthZannah"]
[Result "0-1"]
[WhiteElo "2336"]
[BlackElo "2506"]
[PlyCount "42"]
[EventDate "2021.??.??"]
[EventType "blitz"]

1. e4 e5 2. Nf3 d5 3. exd5 e4 4. Qe2 Nf6 5. d3 Qxd5 6. Nc3 Bb4 7. Bd2 Bxc3 8.
Bxc3 O-O 9. dxe4 Nxe4 10. Bd4 Re8 11. O-O-O Qxa2 12. b3 Nc6 13. Bb2 Bf5 14. Qb5
Nc3 15. Qxf5 Qb1+ 16. Kd2 Nxd1 17. Bd3 g6 18. Qf6 Qxb2 19. Qxb2 Nxb2 20. Bb5
Rad8+ 21. Kc3 Nd1+ {Normal} 0-1

[Event "Rated Blitz game"]
[Site "?"]
[Date "2021.02.24"]
[Round "?"]
[White "SacrificialMaster"]
[Black "mustafacagan"]
[Result "1-0"]
[WhiteElo "2401"]
[BlackElo "2290"]
[PlyCount "119"]
[EventDate "2021.??.??"]
[EventType "blitz"]

1. e4 e5 2. Nf3 d5 3. Nxe5 Bd6 4. d4 dxe4 5. Nc3 Nf6 6. Bg5 O-O 7. Bc4 Nbd7 8.
Nxe4 Nxe5 9. dxe5 Bxe5 10. Bxf6 gxf6 11. O-O Bf5 12. Qf3 Bg6 13. Rad1 Qe7 14.
c3 a6 15. Rfe1 Rfd8 16. Rxd8+ Rxd8 17. h4 h5 18. Ng3 Qc5 19. Bb3 b5 20. Ne4 Qc6
21. Re2 f5 22. Ng5 Qxf3 23. Nxf3 Bf6 24. g3 c5 25. Ne5 c4 26. Bc2 Bxe5 27. Rxe5
Rd2 28. Bxf5 Rxb2 29. Bxg6 fxg6 30. Re6 Rxa2 31. Rxg6+ Kf7 32. Rg5 Rc2 33. Rxh5
Rxc3 34. Rh7+ Kg6 35. Ra7 Ra3 36. g4 c3 37. Rc7 b4 38. Rc6+ Kg7 39. h5 Ra1+ 40.
Kg2 Rc1 41. g5 b3 42. Rc7+ Kg8 43. g6 b2 44. Rc8+ Kg7 45. Rc7+ Kg8 46. Rc8+ Kg7
47. Rc7+ Kf6 48. Rc6+ Ke5 49. g7 Rg1+ 50. Kxg1 b1=Q+ 51. Kh2 Qb8 52. Rg6 Kf5+
53. Kh3 Qf4 54. g8=Q Qf3+ 55. Rg3 Qxh5+ 56. Kg2 c2 57. Qd5+ Kf4 58. Qxh5 c1=Q
59. Qh6+ Ke4 60. Qxc1 {Normal} 1-0

[Event "Rated Blitz game"]
[Site "?"]
[Date "2021.02.24"]
[Round "?"]
[White "Monkey_King"]
[Black "KamranShirazi"]
[Result "1/2-1/2"]
[WhiteElo "2581"]
[BlackElo "2530"]
[PlyCount "129"]
[EventDate "2021.??.??"]
[EventType "blitz"]

1. e4 e5 2. Nf3 d5 3. Nc3 dxe4 4. Nxe4 f5 5. Nxe5 Qd4 6. Qh5+ g6 7. Nxg6 hxg6
8. Qxg6+ Kd8 9. Ng5 Ne7 10. Qe6 Rh6 11. Qe3 Qxe3+ 12. dxe3 Rg6 13. h4 Nbc6 14.
Bd2 Bg7 15. O-O-O Ke8 16. Bc4 Rd6 17. e4 fxe4 18. Nxe4 Rd4 19. Bd3 Ne5 20. Bc3
Nxd3+ 21. cxd3 Bh6+ 22. Kc2 Rd8 23. f3 Kf7 24. g4 Bf4 25. Ng5+ Kg8 26. Rde1 Nd5
27. Bd2 Rf8 28. Bxf4 Nxf4 29. Re7 Nd5 30. Re5 c6 31. h5 Bd7 32. Rhe1 Rad8 33.
h6 Bxg4 34. fxg4 Nb4+ 35. Kc3 Nxd3 36. Ne6 Rf3 37. Nxd8 Nxe5+ 38. Kd4 Nxg4 39.
Rg1 Rf4+ 40. Kc5 Kh7 41. Nxb7 Nf6 42. Kxc6 Rf2 43. Rb1 Rc2+ 44. Kb5 Ne4 45. Ka6
Nd2 46. Rd1 Rxb2 47. a4 Ra2 48. a5 Nc4 49. Kxa7 Nxa5 50. Nxa5 Rxa5+ 51. Kb6 Ra3
52. Rd6 Rb3+ 53. Kc6 Rc3+ 54. Kd7 Re3 55. Re6 Rc3 56. Ke7 Rg3 57. Kf7 Rf3+ 58.
Rf6 Rg3 59. Rg6 Rxg6 60. Ke7 Rxh6 61. Kf7 Rg6 62. Ke7 Kh6 63. Kf8 Kg5 64. Kf7
Rf6+ 65. Ke7 {Time forfeit} 1/2-1/2

[Event "Rated Blitz game"]
[Site "?"]
[Date "2021.02.24"]
[Round "?"]
[White "Babnik"]
[Black "philip_simon_din"]
[Result "1-0"]
[WhiteElo "2408"]
[BlackElo "2398"]
[PlyCount "33"]
[EventDate "2021.??.??"]
[EventType "blitz"]

1. e4 e5 2. Nf3 d5 3. Nxe5 Qe7 4. d4 f6 5. Nd3 Nc6 6. Qh5+ g6 7. Qxd5 Be6 8.
Qc5 O-O-O 9. Qxe7 Bxe7 10. d5 Nb4 11. Nxb4 Bxb4+ 12. c3 Bxd5 13. exd5 Bc5 14.
Bc4 Ne7 15. O-O Nxd5 16. Nd2 Nf4 17. Ne4 {Normal} 1-0

[Event "Rated Blitz game"]
[Site "?"]
[Date "2021.02.24"]
[Round "?"]
[White "HooCee"]
[Black "Chesspirate_Channel"]
[Result "1-0"]
[WhiteElo "2483"]
[BlackElo "2381"]
[PlyCount "53"]
[EventDate "2021.??.??"]
[EventType "blitz"]

1. e4 e5 2. Nf3 d5 3. d3 d4 4. Nxe5 Nf6 5. Nf3 Nc6 6. Be2 Bg4 7. c3 Bc5 8. cxd4
Bb4+ 9. Bd2 Bxf3 10. Bxf3 Qxd4 11. Bc3 O-O-O 12. O-O Bxc3 13. Nxc3 Qxd3 14. Qa4
Nd4 15. Qxa7 Nxf3+ 16. gxf3 Qxf3 17. Qa8+ Kd7 18. Rfd1+ Ke7 19. Qa3+ Ke6 20.
Qb3+ Ke5 21. Qb5+ Ke6 22. Qc4+ Ke5 23. Qxc7+ Ke6 24. Rxd8 Qg4+ 25. Kf1 Qh3+ 26.
Ke1 Qxh2 27. Qxh2 {Normal} 1-0

[Event "Rated Blitz tournament lQyf1nHy"]
[Site "?"]
[Date "2021.02.24"]
[Round "?"]
[White "Dapsay"]
[Black "olarovfan"]
[Result "1-0"]
[WhiteElo "2521"]
[BlackElo "2514"]
[PlyCount "73"]
[EventDate "2021.??.??"]
[EventType "blitz"]

1. e4 e5 2. Nf3 d5 3. Qe2 f6 4. d3 Nc6 5. Nc3 Nge7 6. Bd2 Bg4 7. Qd1 Nd4 8. Be2
Nxe2 9. Qxe2 d4 10. Nb1 c5 11. h3 Bh5 12. g4 Bf7 13. b3 b5 14. Bc1 Nc6 15. Bb2
c4 16. dxc4 bxc4 17. O-O Rb8 18. Rd1 Qb6 19. Kg2 Be7 20. Ba3 O-O 21. Bxe7 Nxe7
22. Nbd2 Rfc8 23. Nh4 cxb3 24. cxb3 Rc2 25. Qd3 Rbc8 26. Nc4 Bxc4 27. bxc4 Rc3
28. Qb1 Qc6 29. Re1 Qxc4 30. Qb7 Qc7 31. Qa6 Rc6 32. Qb5 Rb8 33. Qa4 Rc4 34.
Qa6 Rb6 35. Qa3 Rc3 36. Qa4 Rc4 37. Qe8# {Normal} 1-0

[Event "Rated Blitz game"]
[Site "?"]
[Date "2021.02.24"]
[Round "?"]
[White "dmitrij_IM"]
[Black "Jenlen3001"]
[Result "1-0"]
[WhiteElo "2792"]
[BlackElo "2586"]
[PlyCount "69"]
[EventDate "2021.??.??"]
[EventType "blitz"]

1. e4 e5 2. Nf3 d5 3. exd5 e4 4. Qe2 Nf6 5. Nc3 Be7 6. Nxe4 O-O 7. d4 Nxd5 8.
c4 Nf6 9. Nxf6+ Bxf6 10. Be3 Nc6 11. O-O-O Bf5 12. Qd2 a5 13. Bd3 Bxd3 14. Qxd3
Nb4 15. Qb3 c5 16. dxc5 Qc8 17. a3 Na6 18. Rd5 Nc7 19. Rd6 Ne6 20. Qb5 Be7 21.
Rhd1 Bxd6 22. cxd6 Rd8 23. Bb6 Rf8 24. Ne5 a4 25. Nd7 Re8 26. g3 Qc6 27. Qxc6
bxc6 28. c5 f6 29. f4 Kf7 30. f5 Ng5 31. Bc7 Ne4 32. Nb6 Ra5 33. d7 Rxc5+ 34.
Kb1 Rf8 35. Rd4 {Normal} 1-0

[Event "Rated Blitz game"]
[Site "?"]
[Date "2021.02.24"]
[Round "?"]
[White "superspeed"]
[Black "Chesspirate_Channel"]
[Result "0-1"]
[WhiteElo "2402"]
[BlackElo "2354"]
[PlyCount "86"]
[EventDate "2021.??.??"]
[EventType "blitz"]

1. e4 e5 2. Nf3 d5 3. exd5 e4 4. Qe2 Nf6 5. Nc3 Be7 6. Ng5 O-O 7. Ngxe4 Nxd5 8.
Nxd5 Qxd5 9. Nc3 Qd8 10. Qf3 Nc6 11. Bd3 Ne5 12. Bxh7+ Kxh7 13. Qh5+ Kg8 14.
Qxe5 Bf6 15. Qg3 Re8+ 16. Kd1 Be5 17. f4 Bxc3 18. bxc3 Qe7 19. Bb2 Qe2+ 20. Kc1
Bf5 21. c4 g6 22. Qh4 Qh5 23. Qf6 Qh7 24. h4 Re6 25. Qd4 Rae8 26. Bc3 f6 27. h5
gxh5 28. d3 Bg4 29. Kb2 Rb6+ 30. Kc1 Qe7 31. Re1 Qxe1+ 32. Bxe1 Rxe1+ 33. Kd2
Rxa1 34. Qxa1 Kf7 35. Qc3 Re6 36. Qa3 a6 37. Kc3 b5 38. Qc1 bxc4 39. Qh1 cxd3
40. Qh4 d2 41. Kxd2 Rd6+ 42. Kc1 Re6 43. Kb2 Re2 {Time forfeit} 0-1

[Event "Rated Blitz game"]
[Site "?"]
[Date "2021.02.24"]
[Round "?"]
[White "jerubaal"]
[Black "Schachelite"]
[Result "1-0"]
[WhiteElo "2357"]
[BlackElo "2457"]
[PlyCount "39"]
[EventDate "2021.??.??"]
[EventType "blitz"]

1. e4 e5 2. Nf3 d5 3. d4 dxe4 4. Nxe5 Bd6 5. Nxf7 Kxf7 6. Bc4+ Be6 7. Bxe6+
Kxe6 8. O-O Qh4 9. g3 Qh3 10. Nc3 Nf6 11. f3 exf3 12. Qxf3 Nbd7 13. Bg5 Rhe8
14. Nd5 Kf7 15. Nxf6 Nxf6 16. Bxf6 gxf6 17. Qxf6+ Kg8 18. Rf5 h6 19. Qg6+ Kh8
20. Rf7 {Normal} 1-0

[Event "Rated Blitz game"]
[Site "?"]
[Date "2021.02.24"]
[Round "?"]
[White "adwod"]
[Black "DarthZannah"]
[Result "1-0"]
[WhiteElo "2330"]
[BlackElo "2512"]
[PlyCount "63"]
[EventDate "2021.??.??"]
[EventType "blitz"]

1. e4 e5 2. Nf3 d5 3. exd5 e4 4. Qe2 Nf6 5. d3 Qxd5 6. Nc3 Bb4 7. Nd2 Bxc3 8.
bxc3 Qe5 9. Bb2 O-O 10. dxe4 Nc6 11. Qe3 Re8 12. Bd3 Qh5 13. O-O Ng4 14. Qg3
Nge5 15. f4 Nd7 16. e5 f6 17. Bc4+ Kh8 18. Ne4 fxe5 19. Ng5 Rf8 20. fxe5 h6 21.
Nf7+ Kh7 22. Bd3+ g6 23. e6 Nc5 24. Rae1 Bxe6 25. Ne5 Rxf1+ 26. Bxf1 Qf5 27. c4
Ne4 28. Rxe4 Qxe4 29. Bd3 Nxe5 30. Bxe4 Ng4 31. Qxc7+ Kg8 32. Qg7# {Normal} 1-0

[Event "Rated Blitz game"]
[Site "?"]
[Date "2021.02.24"]
[Round "?"]
[White "Drsexmachinee"]
[Black "Monkey_King"]
[Result "0-1"]
[WhiteElo "2502"]
[BlackElo "2544"]
[PlyCount "70"]
[EventDate "2021.??.??"]
[EventType "blitz"]

1. e4 e5 2. Nf3 d5 3. exd5 e4 4. Qe2 Nf6 5. d3 Bb4+ 6. c3 O-O 7. cxb4 exf3 8.
Qxf3 Re8+ 9. Be3 Nxd5 10. b5 Nxe3 11. fxe3 Qd4 12. Qf2 Rxe3+ 13. Be2 c5 14. Nc3
Bg4 15. O-O Be6 16. Rae1 Nd7 17. Bf3 Rxd3 18. Bxb7 Rb8 19. Bc6 Nf6 20. Qxd4
cxd4 21. Ne4 Nxe4 22. Rxe4 Rd2 23. b3 h6 24. a4 Bxb3 25. Re7 Bc4 26. Rxa7 Bxf1
27. Bd5 d3 28. Bxf7+ Kh8 29. Bc4 Rf8 30. Rf7 Rxf7 31. Bxf7 Rd1 32. Bg6 d2 33.
Kf2 Re1 34. Bc2 Bd3 35. Bxd3 d1=Q {Time forfeit} 0-1

[Event "Rated Blitz game"]
[Site "?"]
[Date "2021.02.24"]
[Round "?"]
[White "adwod"]
[Black "DarthZannah"]
[Result "0-1"]
[WhiteElo "2335"]
[BlackElo "2507"]
[PlyCount "100"]
[EventDate "2021.??.??"]
[EventType "blitz"]

1. e4 e5 2. Nf3 d5 3. exd5 e4 4. Qe2 Nf6 5. d3 Qxd5 6. Nc3 Bb4 7. Nd2 Bxc3 8.
bxc3 O-O 9. dxe4 Qa5 10. Bb2 Re8 11. Qe3 Nd5 12. Qd4 Nc6 13. Qd3 Ne5 14. Qg3
Nb6 15. Be2 Na4 16. Nb3 Qb6 17. Ba3 Qc6 18. f4 Ng6 19. Nd4 Qxe4 20. O-O Qe3+
21. Qxe3 Rxe3 22. Bd3 Nxc3 23. Bb2 Na4 24. Bc1 Re8 25. Nb5 Re7 26. Ba3 c5 27.
Rad1 Bd7 28. Nd6 Bc6 29. Bc4 Nf8 30. Rd3 Ne6 31. f5 Nd4 32. f6 gxf6 33. Rg3+
Kf8 34. Nf5 Re5 35. Nxd4 Bd7 36. Nf3 Re3 37. Bc1 Rc3 38. Bh6+ Ke7 39. Bd5 Kd6
40. Rd1 Kc7 41. Bf4+ Kb6 42. Rb1+ Ka5 43. Bxb7 Re8 44. Bc7+ Nb6 45. Nd2 Rxg3
46. Nc4+ Ka4 47. Bxb6 Rc3 48. Nb2+ Ka3 49. Nd1 Rxc2 50. Bd5 Re1# {Normal} 0-1

[Event "Rated Blitz game"]
[Site "?"]
[Date "2021.02.24"]
[Round "?"]
[White "hima_saber80"]
[Black "tokio1234"]
[Result "0-1"]
[WhiteElo "2393"]
[BlackElo "2458"]
[PlyCount "42"]
[EventDate "2021.??.??"]
[EventType "blitz"]

1. e4 e5 2. Nf3 d5 3. Nc3 d4 4. Ne2 d3 5. cxd3 Nc6 6. d4 Bd6 7. d5 Nce7 8. d4
Ng6 9. Ng3 Bg4 10. Be2 Bxf3 11. Bxf3 Nf6 12. O-O O-O 13. Nf5 Re8 14. Re1 h6 15.
Bh5 Nf8 16. Bf3 Ng6 17. b3 exd4 18. Nxd6 cxd6 19. Qxd4 Ne5 20. Bd1 Qa5 21. Bb2
Qxe1# {Normal} 0-1

[Event "Rated Blitz game"]
[Site "?"]
[Date "2021.02.24"]
[Round "?"]
[White "Takacsbl"]
[Black "Chesspirate_Channel"]
[Result "1-0"]
[WhiteElo "2544"]
[BlackElo "2357"]
[PlyCount "111"]
[EventDate "2021.??.??"]
[EventType "blitz"]

1. e4 e5 2. Nf3 d5 3. exd5 Bd6 4. Nc3 Nf6 5. g3 e4 6. Nd4 Bg4 7. Be2 Bh3 8. Bf1
Bxf1 9. Kxf1 Be5 10. Nf5 O-O 11. Ne3 Nbd7 12. d4 exd3 13. Qxd3 Nb6 14. Bd2 Bxc3
15. Bxc3 Nfxd5 16. Nxd5 Qxd5 17. Qxd5 Nxd5 18. Bd2 Rfe8 19. Re1 f5 20. Kg2 Kf7
21. Rxe8 Rxe8 22. Re1 Rxe1 23. Bxe1 Ke6 24. Kf3 g5 25. c4 g4+ 26. Ke2 Nb6 27.
Kd3 Nd7 28. Bc3 c5 29. Ke3 Ne5 30. b3 Nf3 31. h3 h5 32. h4 Ng1 33. Bg7 Nh3 34.
Bf8 b6 35. Bh6 Ng1 36. Bf4 Nf3 37. Bb8 a6 38. Ba7 b5 39. Bxc5 bxc4 40. bxc4 Ne5
41. Kd4 Nc6+ 42. Kc3 Ke5 43. Kd3 f4 44. Bb6 fxg3 45. fxg3 Kf5 46. a3 Ke5 47.
Bc7+ Kf5 48. c5 Ke6 49. Ke4 Ne7 50. Bd8 Nf5 51. Bc7 Ne7 52. Bf4 Nd5 53. c6 a5
54. c7 Nb6 55. Bd2 Nc4 56. c8=Q+ {Normal} 1-0

[Event "Rated Blitz tournament nUbjyXP5"]
[Site "?"]
[Date "2021.02.24"]
[Round "?"]
[White "AFunder"]
[Black "Kaldas90"]
[Result "1-0"]
[WhiteElo "2480"]
[BlackElo "2526"]
[PlyCount "75"]
[EventDate "2021.??.??"]
[EventType "blitz"]

1. e4 e5 2. Nf3 d5 3. exd5 e4 4. Qe2 Nf6 5. d3 Bb4+ 6. c3 O-O 7. dxe4 Bc5 8.
Bg5 h6 9. Bxf6 Qxf6 10. Nbd2 Re8 11. Qd3 Nd7 12. Be2 Ne5 13. Qb5 Nd7 14. O-O c6
15. Qd3 cxd5 16. exd5 Bb6 17. Nb3 Nf8 18. Nbd4 Ng6 19. g3 Bh3 20. Rfe1 Nf4 21.
gxf4 Qxf4 22. Bf1 Bg4 23. Bg2 Bc7 24. Re3 Red8 25. Re4 Bf5 26. Nxf5 Qxf5 27.
Re8+ Rxe8 28. Qxf5 Rad8 29. Rd1 Bd6 30. c4 a6 31. a3 g6 32. Qd3 a5 33. Nd4 b6
34. Nb5 Bc5 35. Qc3 Re2 36. b4 Bxf2+ 37. Kf1 Ra2 38. Qb3 {Normal} 1-0

[Event "Rated Rapid game"]
[Site "?"]
[Date "2021.02.24"]
[Round "?"]
[White "FearlessKing64"]
[Black "yuvalb"]
[Result "1-0"]
[WhiteElo "2502"]
[BlackElo "2249"]
[PlyCount "79"]
[EventDate "2021.??.??"]
[EventType "rapid"]

1. e4 e5 2. Nf3 d5 3. exd5 e4 4. Ne5 Bd6 5. d4 Nf6 6. c4 c5 7. f4 O-O 8. Be2
Qb6 9. dxc5 Bxc5 10. Qb3 Bf2+ 11. Kf1 e3 12. Qxb6 axb6 13. Nc3 Nbd7 14. Nxd7
Bxd7 15. Nd1 Rfe8 16. Nxf2 exf2 17. Kxf2 Bg4 18. Bxg4 Nxg4+ 19. Kf3 f5 20. h3
Nf6 21. Be3 b5 22. b3 bxc4 23. bxc4 Ra3 24. Rhe1 Re4 25. Rac1 Nh5 26. g4 Nxf4
27. gxf5 Rd4 28. Rcd1 Rxc4 29. d6 Nd3 30. d7 Nxe1+ 31. Ke2 Rxa2+ 32. Kxe1 Ra8
33. d8=Q+ Rxd8 34. Rxd8+ Kf7 35. Rd7+ Kf6 36. Rxb7 Kxf5 37. Rxg7 Rh4 38. Rg3 h5
39. Kf2 Ke4 40. Bg5 {Normal} 1-0

[Event "Rated Blitz game"]
[Site "?"]
[Date "2021.02.24"]
[Round "?"]
[White "Nenidon_Andriy"]
[Black "annaly1979"]
[Result "0-1"]
[WhiteElo "2518"]
[BlackElo "2395"]
[PlyCount "110"]
[EventDate "2021.??.??"]
[EventType "blitz"]

1. e4 e5 2. Nf3 d5 3. d4 dxe4 4. Nxe5 Bd6 5. Nc4 Nf6 6. Ne3 O-O 7. Be2 h6 8. c4
Nc6 9. Nc3 a6 10. O-O Re8 11. a3 a5 12. Nb5 Bf8 13. Bd2 Nxd4 14. Nxd4 Qxd4 15.
Bc3 Qb6 16. b4 axb4 17. axb4 Rxa1 18. Qxa1 Bxb4 19. Bxf6 Qxf6 20. Qxf6 gxf6 21.
Nd5 Be7 22. Nxc7 Rd8 23. Nd5 Kf8 24. Rd1 Be6 25. g3 f5 26. Rb1 Bxd5 27. cxd5
Rxd5 28. Rxb7 Rd2 29. Kf1 Bc5 30. Rb5 Rc2 31. Ke1 e3 32. fxe3 Bxe3 33. Rxf5 Kg7
34. h4 Rb2 35. Rf3 Bd4 36. Bc4 f6 37. Bd3 Bc3+ 38. Kf1 Bd4 39. Rf4 Be5 40. Rf3
Rd2 41. Bf5 h5 42. g4 hxg4 43. Bxg4 Rh2 44. h5 Kh6 45. Rh3 Rb2 46. Rf3 Kg5 47.
Bf5 Kxh5 48. Bd3 Kg5 49. Rf2 Rb3 50. Bc4 Rc3 51. Be2 Bg3 52. Rg2 f5 53. Bb5 f4
54. Bd7 Kh4 55. Ke2 f3+ {Normal} 0-1

[Event "Rated Blitz tournament TgClveMl"]
[Site "?"]
[Date "2021.02.24"]
[Round "?"]
[White "FREDERICKtheMATE"]
[Black "Grimlock_Glasgow"]
[Result "0-1"]
[WhiteElo "2337"]
[BlackElo "2581"]
[PlyCount "52"]
[EventDate "2021.??.??"]
[EventType "blitz"]

1. e4 e5 2. Nf3 d5 3. exd5 Bd6 4. d4 e4 5. Ne5 Nf6 6. Bb5+ Nbd7 7. Nxd7 Bxd7 8.
Bxd7+ Qxd7 9. c4 O-O 10. h3 b5 11. b3 bxc4 12. bxc4 Bb4+ 13. Bd2 Bxd2+ 14. Qxd2
e3 15. fxe3 Ne4 16. Qd3 Ng3 17. Rg1 Rfe8 18. Nd2 Rxe3+ 19. Qxe3 Re8 20. Kf2
Rxe3 21. Kxe3 c6 22. dxc6 Nf5+ 23. Kf4 Qxd4+ 24. Kxf5 g6+ 25. Kg5 f6+ 26. Kh6
Qh4# {Normal} 0-1

[Event "Rated Blitz game"]
[Site "?"]
[Date "2021.02.24"]
[Round "?"]
[White "Youngtactinhos2900"]
[Black "annaly1979"]
[Result "0-1"]
[WhiteElo "2403"]
[BlackElo "2398"]
[PlyCount "58"]
[EventDate "2021.??.??"]
[EventType "blitz"]

1. e4 e5 2. Nf3 d5 3. exd5 e4 4. Ng1 f5 5. d3 Nf6 6. dxe4 fxe4 7. Nc3 Bb4 8.
Nge2 O-O 9. Bd2 a5 10. a3 Bd6 11. Bg5 Bf5 12. Bf4 Bg6 13. Bxd6 cxd6 14. Nd4 Qd7
15. Ne6 Rc8 16. Bb5 Qe7 17. O-O Nbd7 18. Qd4 Nc5 19. Nf4 Bf7 20. b4 Ncd7 21.
Bxd7 Qxd7 22. Nxe4 Nxe4 23. Qxe4 Re8 24. Qd4 Rac8 25. c4 Qg4 26. g3 Bg6 27. h3
Qf3 28. h4 Be4 29. c5 Qh1# {Normal} 0-1

[Event "Rated Blitz game"]
[Site "?"]
[Date "2021.02.24"]
[Round "?"]
[White "cyrilortega62"]
[Black "Chesspirate_Channel"]
[Result "1-0"]
[WhiteElo "2491"]
[BlackElo "2393"]
[PlyCount "23"]
[EventDate "2021.??.??"]
[EventType "blitz"]

1. e4 e5 2. Nf3 d5 3. exd5 e4 4. Ne5 Nf6 5. Nc3 Bd6 6. d4 O-O 7. Be3 Re8 8. Nc4
Bb4 9. Bg5 Nxd5 10. Bxd8 Nxc3 11. Qd2 e3 12. Nxe3 {Normal} 1-0

[Event "Rated Blitz game"]
[Site "?"]
[Date "2021.02.24"]
[Round "?"]
[White "alexanderErin"]
[Black "Trompatzer"]
[Result "1-0"]
[WhiteElo "2405"]
[BlackElo "2347"]
[PlyCount "71"]
[EventDate "2021.??.??"]
[EventType "blitz"]

1. e4 e5 2. Nf3 d5 3. Nxe5 Bd6 4. d4 dxe4 5. Bc4 Bxe5 6. Qh5 Qe7 7. dxe5 Be6 8.
Bxe6 Qxe6 9. O-O Nc6 10. f4 O-O-O 11. Nc3 f5 12. Be3 Nge7 13. Rad1 g6 14. Qe2
Rxd1 15. Rxd1 Rd8 16. Rxd8+ Kxd8 17. Qb5 Kc8 18. h4 a6 19. Qc5 b6 20. Qa3 Kb7
21. b3 Nd5 22. Nxd5 Qxd5 23. Qc1 Nd4 24. Kf2 Ne6 25. g3 c5 26. Qf1 b5 27. c4
bxc4 28. bxc4 Qd7 29. Qb1+ Kc6 30. Qb3 Nd4 31. Qa4+ Kc7 32. Qxa6 Nc2 33. Qa7+
Kc6 34. Qxd7+ Kxd7 35. Bxc5 Kc6 36. Be3 {Time forfeit} 1-0

[Event "Rated Blitz game"]
[Site "?"]
[Date "2021.02.24"]
[Round "?"]
[White "superspeed"]
[Black "Chesspirate_Channel"]
[Result "0-1"]
[WhiteElo "2401"]
[BlackElo "2356"]
[PlyCount "42"]
[EventDate "2021.??.??"]
[EventType "blitz"]

1. e4 e5 2. Nf3 d5 3. exd5 Bd6 4. Nc3 Nf6 5. Bb5+ c6 6. dxc6 O-O 7. cxb7 Bxb7
8. d3 h6 9. O-O Nc6 10. h3 Nd4 11. Nxd4 exd4 12. Ne4 Nxe4 13. dxe4 Bxe4 14. Bd3
Bc6 15. Qg4 Qf6 16. Kh1 Rab8 17. b3 Rfe8 18. Bb2 h5 19. Qf5 Qh4 20. Kg1 g6 21.
Qa5 Qf4 {Time forfeit} 0-1